[Event "SR 2. liga A 2016/2017"]
[Site "?"]
[Date "2018.02.04"]
[Round "7.1"]
[White "Suchansky, Jakub"]
[Black "Hacik, Radomir"]
[Result "0-1"]
[WhiteElo "1940"]
[BlackElo "2137"]
[PlyCount "134"]
[EventDate "2017.??.??"]
[WhiteTeam "SK Doprastav Bratislava B"]
[BlackTeam "SK Slovan Bratislava E"]

1. d4 d5 2. c4 e6 3. Nf3 Be7 4. g3 Nf6 5. Bg2 O-O 6. O-O Nc6 7. b3 Ne4 8. Bb2
f5 9. Nbd2 g5 10. Ne5 Nxe5 11. dxe5 Nxd2 12. Qxd2 dxc4 13. Qc3 c6 14. Qxc4 a5
15. Rfd1 Qb6 16. Bd4 Qb4 17. Rac1 Rd8 18. Bc3 Qxc4 19. bxc4 Kf8 20. Rd3 Ke8 21.
Rcd1 Ra6 22. Rb1 Rd7 23. Kf1 Kd8 24. Rxd7+ Kxd7 25. f4 Kc7 26. e4 gxf4 27. gxf4
Bb4 28. Bxb4 axb4 29. exf5 exf5 30. Rb2 Ra3 31. Kf2 Rc3 32. Rxb4 Rc2+ 33. Kg3
Rxa2 34. Bf3 Rc2 35. Kh4 Rxh2+ 36. Kg5 Rf2 37. Rb3 Rc2 38. Kf6 Rxc4 39. e6 Rxf4
40. e7 Bd7 41. Kf7 Ra4 42. Kg7 Ra8 43. Re3 Kd6 44. Kf6 b5 45. Rd3+ Kc7 46. Rb3
Rb8 47. Be2 c5 48. Rc3 c4 49. Bxc4 bxc4 50. Rxc4+ Kd6 51. Rd4+ Kc6 52. Rh4 Kd5
53. Rxh7 Ke4 54. Rh1 f4 55. Rd1 Be8 56. Rd8 Rb6+ 57. Kg5 Bb5 58. e8=Q+ Bxe8 59.
Rxe8+ Kf3 60. Rf8 Rb5+ 61. Kh4 Re5 62. Rf7 Re8 63. Kg5 Kg3 64. Rg7 f3 65. Kf5+
Kh2 66. Kg4 Rf8 67. Rh7+ Kg2 0-1

[Event "SR 2. liga A 2016/2017"]
[Site "?"]
[Date "2018.02.04"]
[Round "7.1"]
[White "Zetocha, Adrian"]
[Black "Gzib, David"]
[Result "1-0"]
[WhiteElo "2028"]
[BlackElo "1875"]
[PlyCount "91"]
[EventDate "2017.??.??"]
[WhiteTeam "SK Slovan Bratislava E"]
[BlackTeam "SK Doprastav Bratislava B"]

1. d4 Nf6 2. c4 g6 3. Nc3 Bg7 4. Nf3 d6 5. Bg5 O-O 6. e3 c5 7. d5 Bg4 8. Bd3
Nbd7 9. h3 Bxf3 10. gxf3 Ne5 11. Ke2 Nxd3 12. Qxd3 Nh5 13. f4 f5 14. Rhg1 Qd7
15. a3 Rae8 16. Kf1 e5 17. dxe6 Qxe6 18. Rd1 Bxc3 19. Qxc3 Nf6 20. Bxf6 Qxf6
21. Qxf6 Rxf6 22. Rd3 Re4 23. b3 a5 24. Ke2 Kf7 25. h4 h5 26. Rd5 Ke7 27. Kd3
Kd7 28. b4 axb4 29. axb4 cxb4 30. Rb1 Re7 31. Rxb4 Ke6 32. Rxd6+ Kxd6 33. Rb6+
Kc5 34. Rxf6 Rd7+ 35. Kc3 Rg7 36. Re6 b6 37. f3 Rg8 38. Re5+ Kd6 39. Rd5+ Kc6
40. e4 fxe4 41. fxe4 Rf8 42. f5 gxf5 43. Rxf5 Rh8 44. Kd4 Rh6 45. e5 b5 46.
Rf6+ 1-0

[Event "SR 2. liga A 2016/2017"]
[Site "?"]
[Date "2018.02.04"]
[Round "7.1"]
[White "Helbich, Branislav"]
[Black "Cambel, Vladimir"]
[Result "0-1"]
[WhiteElo "1955"]
[BlackElo "1986"]
[PlyCount "66"]
[EventDate "2017.??.??"]
[WhiteTeam "SK Doprastav Bratislava B"]
[BlackTeam "SK Slovan Bratislava E"]

1. e4 c5 2. Nf3 d6 3. d4 cxd4 4. Nxd4 Nf6 5. Bd3 g6 6. c4 Bg7 7. Nc3 Nc6 8.
Nxc6 bxc6 9. O-O O-O 10. Qe2 Bg4 11. f3 Bd7 12. Be3 Qc7 13. Rfd1 Rab8 14. Rac1
Qb7 15. b3 Rfe8 16. Qf2 c5 17. Bb1 Rbd8 18. Rd3 Bc6 19. Rcd1 Nd7 20. Ne2 Ne5
21. R3d2 Bd7 22. h3 a5 23. f4 Nc6 24. e5 Qc7 25. exd6 exd6 26. Rxd6 Nd4 27.
R6xd4 cxd4 28. Bxd4 Bc6 29. Kf1 Be4 30. Bd3 Qd7 31. Bxg7 Bxd3 32. Rxd3 Qxd3 33.
Be5 Qb1+ 0-1

[Event "SR 2. liga A 2016/2017"]
[Site "?"]
[Date "2018.02.04"]
[Round "7.1"]
[White "Sulek, Viliam"]
[Black "Olvecky, Jaroslav"]
[Result "1-0"]
[WhiteElo "2026"]
[BlackElo "1909"]
[PlyCount "89"]
[EventDate "2017.??.??"]
[WhiteTeam "SK Slovan Bratislava E"]
[BlackTeam "SK Doprastav Bratislava B"]

1. e4 e5 2. Nf3 Nc6 3. Bb5 a6 4. Ba4 g6 5. O-O Bg7 6. c3 d6 7. h3 Bd7 8. d4 h6
9. Be3 Nf6 10. Nbd2 O-O 11. Re1 Re8 12. Bc2 exd4 13. cxd4 Nb4 14. Bb1 Bb5 15.
Qb3 c5 16. a3 Nc6 17. dxc5 dxc5 18. Bxc5 Rc8 19. Ba2 Qd7 20. Rac1 Na5 21. Qe3
Qd3 22. Qxd3 Bxd3 23. e5 Nh5 24. e6 f5 25. e7+ Kh7 26. Bf7 Bxb2 27. Bxe8 Rxe8
28. Ne5 Bb5 29. Rc2 Bxe5 30. Rxe5 Nc6 31. Re1 Nf6 32. Nf3 Ne4 33. Nd2 Nxc5 34.
Rxc5 Kg7 35. Nf3 b6 36. Rd5 Rxe7 37. Rc1 Re6 38. Rd7+ Kf6 39. Rb7 Be2 40. Rxb6
Bxf3 41. gxf3 Nd4 42. Rxe6+ Kxe6 43. Kg2 Kd5 44. Rc8 Nb5 45. a4 1-0

[Event "SR 2. liga A 2016/2017"]
[Site "?"]
[Date "2018.02.04"]
[Round "7.1"]
[White "Novak, Stanislav"]
[Black "Vadila, Ondrej"]
[Result "1/2-1/2"]
[WhiteElo "1941"]
[BlackElo "2000"]
[PlyCount "33"]
[EventDate "2017.??.??"]
[WhiteTeam "SK Doprastav Bratislava B"]
[BlackTeam "SK Slovan Bratislava E"]

1. e4 c5 2. Nf3 g6 3. Nc3 Bg7 4. d4 cxd4 5. Nxd4 Nc6 6. Be3 Nf6 7. Nxc6 bxc6 8.
e5 Ng8 9. f4 Nh6 10. Bc4 O-O 11. O-O d5 12. exd6 exd6 13. Bd4 Bxd4+ 14. Qxd4
Nf5 15. Qf2 d5 16. Bd3 Qb6 17. Na4 1/2-1/2

[Event "SR 2. liga A 2016/2017"]
[Site "?"]
[Date "2018.02.04"]
[Round "7.2"]
[White "Janos, Martin"]
[Black "Schwarz, Dusan"]
[Result "0-1"]
[WhiteElo "2208"]
[BlackElo "2290"]
[PlyCount "92"]
[EventDate "2017.??.??"]
[WhiteTeam "SK Slovan Bratislava D"]
[BlackTeam "SK Doprastav Bratislava A"]

1. e4 e5 2. d4 exd4 3. Nf3 Nc6 4. Nxd4 Bc5 5. Nxc6 Qf6 6. Qd2 dxc6 7. Bd3 Be6
8. Qe2 Nh6 9. Nc3 Ng4 10. Nd1 O-O-O 11. h3 Ne5 12. Be3 Bb4+ 13. Kf1 g5 14. f3
h5 15. Nf2 Bd6 16. Kg1 c5 17. Qe1 Rhg8 18. Qc3 Qe7 19. Be2 Ng6 20. Kf1 f6 21.
Qa5 Kb8 22. Rb1 b6 23. Qa4 Bf4 24. Bxf4 Nxf4 25. g3 Rd4 26. Qa3 Nxe2 27. Kxe2
Bc4+ 28. Ke1 Rgd8 29. Qe3 f5 30. b3 Bb5 31. h4 fxe4 32. hxg5 Qd7 33. f4 Rd2 34.
c4 Bc6 35. g6 Rd3 36. Nxd3 exd3 37. Kd2 Bxh1 38. Rxh1 Qg7 39. Qe5 Qxg6 40. f5
Qh6+ 41. Kc3 Qc6 42. Rd1 Qf3 43. Rd2 Qf1 44. Kb2 Rf8 45. a3 Qf3 46. Qe7 Qxf5
0-1

[Event "SR 2. liga A 2016/2017"]
[Site "?"]
[Date "2018.02.04"]
[Round "7.2"]
[White "Vlcek, Stanislav"]
[Black "Kolcak, Marek"]
[Result "1-0"]
[WhiteElo "2258"]
[BlackElo "2184"]
[PlyCount "107"]
[EventDate "2017.??.??"]
[WhiteTeam "SK Doprastav Bratislava A"]
[BlackTeam "SK Slovan Bratislava D"]

1. e4 e6 2. d3 d5 3. Qe2 dxe4 4. dxe4 b6 5. Bf4 Qf6 6. Qb5+ c6 7. Qe5 Nd7 8.
Qxf6 Ngxf6 9. Nd2 Bc5 10. Ngf3 Nh5 11. Bc7 Bb7 12. h3 O-O 13. Nb3 Rfe8 14. Bh2
Bf8 15. O-O-O Nb8 16. e5 g6 17. Ng5 c5 18. Rg1 h6 19. Nf3 Ng7 20. Be2 Nf5 21.
g4 Ne7 22. Nfd2 Rd8 23. Nc4 Bd5 24. Nd6 Nd7 25. Nd2 Bc6 26. N2e4 Nd5 27. c4 Nb4
28. a3 Na6 29. f4 Bg7 30. h4 f6 31. exf6 Nxf6 32. Nc3 Bf8 33. f5 Ne8 34. Nxe8
Rxe8 35. fxg6 Bg7 36. Nb5 e5 37. Rd6 Be4 38. h5 Rad8 39. Rf1 Nb8 40. Rf7 Nc6
41. Nc7 Rf8 42. Rxg7+ Kxg7 43. Ne6+ Kg8 44. Rxd8 Nxd8 45. Nxf8 Kxf8 46. Bxe5
Nc6 47. Bf6 Nd4 48. Bxd4 cxd4 49. Kd2 Kg7 50. Bd3 Bg2 51. b4 Kf6 52. Bf5 Bf1
53. Bd3 Bg2 54. Ke2 1-0

[Event "SR 2. liga A 2016/2017"]
[Site "?"]
[Date "2018.02.04"]
[Round "7.2"]
[White "Cech, Dominik"]
[Black "Janos, Jozef"]
[Result "1-0"]
[WhiteElo "2169"]
[BlackElo "2127"]
[PlyCount "107"]
[EventDate "2017.??.??"]
[WhiteTeam "SK Doprastav Bratislava A"]
[BlackTeam "SK Slovan Bratislava D"]

1. e4 c5 2. Nf3 d6 3. d4 cxd4 4. Nxd4 Nf6 5. Nc3 a6 6. Be2 e6 7. O-O Be7 8. Be3
Nc6 9. f4 O-O 10. Bf3 Bd7 11. Qe1 e5 12. Nxc6 bxc6 13. fxe5 dxe5 14. Rd1 Qb8
15. Na4 Be6 16. b3 Ng4 17. Bb6 Nf6 18. Qg3 Kh8 19. Be3 Qb5 20. c4 Bxc4 21. bxc4
Qxa4 22. Qxe5 Rfe8 23. Qc3 Qb4 24. Qxb4 Bxb4 25. e5 Rac8 26. Bf4 Ng8 27. Bg4
Ne7 28. Bxc8 Rxc8 29. Bg5 Kg8 30. Rd7 Re8 31. Rfd1 h6 32. Rd8 Kf8 33. Bf4 Ng6
34. Bg3 Be7 35. Rxe8+ Kxe8 36. Rb1 Bc5+ 37. Kf1 Kd7 38. Rb7+ Ke6 39. Rc7 Ne7
40. Ke2 Bb6 41. Rb7 Bc5 42. Kf3 Ng6 43. Ke4 Ne7 44. Be1 Ng6 45. Bc3 Ne7 46. Bb4
Bxb4 47. Rxb4 Ng6 48. Rb6 Nxe5 49. Rxa6 f5+ 50. Kd4 g5 51. Ra3 f4 52. Rh3 Nf7
53. a4 g4 54. Rb3 1-0

[Event "SR 2. liga A 2016/2017"]
[Site "?"]
[Date "2018.02.04"]
[Round "7.2"]
[White "Tepper, Frantisek"]
[Black "Vrbova, Niki"]
[Result "0-1"]
[WhiteElo "2078"]
[BlackElo "2162"]
[PlyCount "66"]
[EventDate "2017.??.??"]
[WhiteTeam "SK Slovan Bratislava D"]
[BlackTeam "SK Doprastav Bratislava A"]

1. e4 d5 2. exd5 Nf6 3. d4 Nxd5 4. Nf3 g6 5. Be2 Bg7 6. O-O O-O 7. c4 Nb6 8. h3
Nc6 9. Be3 e5 10. d5 Ne7 11. Nc3 f5 12. Bc5 Re8 13. a4 Nd7 14. Ba3 e4 15. Nd4
Nf6 16. Re1 a6 17. Bf1 g5 18. f3 Ng6 19. fxe4 fxe4 20. g3 c5 21. dxc6 bxc6 22.
Bg2 Qc7 23. Nde2 Qf7 24. b3 g4 25. h4 Ne5 26. Rf1 Nf3+ 27. Kh1 Nh5 28. Bd6 Bf5
29. Rc1 Rad8 30. c5 Be5 31. Qc2 Bxd6 32. cxd6 Rxd6 33. Rcd1 Rh6 0-1

[Event "SR 2. liga A 2016/2017"]
[Site "?"]
[Date "2018.02.04"]
[Round "7.2"]
[White "Polacik, Igor"]
[Black "Mikulas, Dusan"]
[Result "1/2-1/2"]
[WhiteElo "2183"]
[BlackElo "2046"]
[PlyCount "23"]
[EventDate "2017.??.??"]
[WhiteTeam "SK Doprastav Bratislava A"]
[BlackTeam "SK Slovan Bratislava D"]

1. d4 Nf6 2. c4 g6 3. Nc3 Bg7 4. e4 d6 5. Be2 O-O 6. Bg5 h6 7. Be3 Nc6 8. h4 e5
9. d5 Nd4 10. Bxd4 exd4 11. Qxd4 Re8 12. Qd3 1/2-1/2

[Event "SR 2. liga A 2016/2017"]
[Site "?"]
[Date "2018.02.04"]
[Round "7.2"]
[White "Kolman, Richard"]
[Black "Orosi, Peter"]
[Result "0-1"]
[WhiteElo "2025"]
[BlackElo "2070"]
[PlyCount "88"]
[EventDate "2017.??.??"]
[WhiteTeam "SK Slovan Bratislava D"]
[BlackTeam "SK Doprastav Bratislava A"]

1. e4 c5 2. d3 e6 3. g3 d5 4. Nd2 Nc6 5. Bg2 g6 6. f4 Bg7 7. Ngf3 Nge7 8. O-O
O-O 9. c3 b6 10. Re1 Ba6 11. Nf1 Qd7 12. e5 d4 13. c4 Rad8 14. Ng5 f6 15. exf6
Rxf6 16. Qe2 Bc8 17. Bd2 Nf5 18. Bh3 a5 19. a3 Rff8 20. Qg4 Rfe8 21. Bg2 Ne3
22. Nxe3 dxe3 23. Bc3 Nd4 24. Bxd4 Qxd4 25. Re2 Qxd3 26. Rae1 Qxc4 27. Qh4 h6
28. Ne4 Rf8 29. Rxe3 Bd4 30. Qxh6 Bxe3+ 31. Rxe3 Qc1+ 32. Kf2 Qxb2+ 33. Re2
Qd4+ 34. Ke1 Qg7 35. Qh4 Ba6 36. Bh3 Rde8 37. Ng5 Bxe2 38. Kxe2 e5 39. Be6+
Rxe6 40. Nxe6 Qf6 41. Ng5 Qe7 42. fxe5 Qxe5+ 43. Kd3 Rd8+ 44. Kc2 Qe2+ 0-1

[Event "SR 2. liga A 2016/2017"]
[Site "?"]
[Date "2018.02.04"]
[Round "7.2"]
[White "Petrik, Karol"]
[Black "Kuna, Vladimir"]
[Result "1/2-1/2"]
[WhiteElo "2102"]
[BlackElo "2006"]
[PlyCount "102"]
[EventDate "2017.??.??"]
[WhiteTeam "SK Doprastav Bratislava A"]
[BlackTeam "SK Slovan Bratislava D"]

1. e4 c5 2. c3 d6 3. f4 Nc6 4. Nf3 Nf6 5. Bd3 h6 6. Qe2 Bg4 7. O-O e5 8. Bb5
Qb6 9. Na3 a6 10. Bxc6+ Qxc6 11. d3 b5 12. Qe1 Bxf3 13. gxf3 Be7 14. c4 Nh5 15.
f5 Bg5 16. Nc2 Bxc1 17. Rxc1 Nf4 18. Qd2 Qb6 19. Ne3 Qd8 20. Kh1 b4 21. Rg1 Rg8
22. Rg4 h5 23. Rg3 Kf8 24. Rcg1 Qa5 25. b3 Qd8 26. Ng2 Nxg2 27. Qxg2 Qf6 28.
Rg5 a5 29. Rxh5 a4 30. Qb2 Ke7 31. Rh7 g6 32. Rh6 Rh8 33. Rxh8 Rxh8 34. fxg6
fxg6 35. Qg2 axb3 36. axb3 Ra8 37. f4 Qxf4 38. Rf1 Qh6 39. Qf2 Qg7 40. Qh4+ Kd7
41. Rf6 Kc6 42. Qg5 Rf8 43. Rxf8 Qxf8 44. Kg2 Qa8 45. Qd2 Qa3 46. Qd1 Kd7 47.
Kg3 Ke7 48. h4 Qb2 49. Qf1 Qd2 50. Kg4 Qe3 51. Qf3 Qd2 1/2-1/2

[Event "SR 2. liga A 2016/2017"]
[Site "?"]
[Date "2018.02.04"]
[Round "7.3"]
[White "Karas, Marek"]
[Black "Gasa, Patrik"]
[Result "1/2-1/2"]
[WhiteElo "2196"]
[BlackElo "2103"]
[PlyCount "113"]
[EventDate "2017.??.??"]
[WhiteTeam "SK Osuske B"]
[BlackTeam "SK Lowe Piestany"]

1. e3 c5 2. Nf3 Nf6 3. b3 g6 4. Bb2 Bg7 5. c4 O-O 6. Be2 Nc6 7. O-O b6 8. d4
cxd4 9. Nxd4 Nxd4 10. Bxd4 Bb7 11. a4 Re8 12. Bf3 Bxf3 13. Qxf3 d5 14. Rd1 e6
15. Na3 Qe7 16. a5 bxa5 17. cxd5 Nxd5 18. Bxg7 Kxg7 19. e4 Nb6 20. Qc3+ Qf6 21.
Qxa5 Red8 22. e5 Qf5 23. Rxd8 Rxd8 24. Nc4 Qd3 25. Nd6 Rd7 26. Qb4 Nd5 27. Qc4
Qc3 28. Qxc3 Nxc3 29. Kf1 g5 30. Rc1 Nd5 31. Rc8 h6 32. Ke2 f6 33. exf6+ Kxf6
34. Ne4+ Ke5 35. f3 Nf4+ 36. Kf2 Rd3 37. Rb8 Rd1 38. g3 Nd5 39. Rh8 Rb1 40. Nd2
Rb2 41. Ke1 Kd4 42. Rxh6 Kd3 43. Nc4 Rxb3 44. Ne5+ Ke3 45. Kf1 a5 46. Rxe6 a4
47. Ra6 Kd4 48. Nc6+ Kc5 49. Ne5 Kb5 50. Ra7 a3 51. h4 gxh4 52. gxh4 Ne3+ 53.
Ke2 Nf5 54. Kd2 Nxh4 55. Rb7+ Ka4 56. Ra7+ Kb4 57. Rb7+ 1/2-1/2

[Event "SR 2. liga A 2016/2017"]
[Site "?"]
[Date "2018.02.04"]
[Round "7.3"]
[White "Nemsak, Denis"]
[Black "Jozefek, Michal"]
[Result "1/2-1/2"]
[WhiteElo "2001"]
[BlackElo "2206"]
[PlyCount "106"]
[EventDate "2017.??.??"]
[WhiteTeam "SK Lowe Piestany"]
[BlackTeam "SK Osuske B"]

1. e4 c5 2. c4 Nc6 3. Nc3 g6 4. g3 Bg7 5. Bg2 d6 6. Nge2 Nf6 7. O-O O-O 8. d3
Ne8 9. Rb1 Nc7 10. a3 a5 11. Be3 Ne6 12. Qd2 Ned4 13. b3 Bg4 14. f3 Bd7 15. Bh6
e6 16. Bxg7 Kxg7 17. Nb5 Qf6 18. Nbxd4 Nxd4 19. Rf2 Nxe2+ 20. Qxe2 Qd4 21. Qb2
Qxb2 22. Rfxb2 Bc6 23. f4 e5 24. Kf2 Rfb8 25. b4 axb4 26. axb4 Ra3 27. Ke3 Re8
28. fxe5 Rxe5 29. Rb3 Ra8 30. Kf4 g5+ 31. Kg4 h5+ 32. Kf3 f5 33. Ke3 fxe4 34.
Bxe4 b5 35. bxc5 bxc4 36. Rb7+ Bxb7 37. Rxb7+ Kf6 38. cxd6 Ra3 39. Kd4 cxd3 40.
d7 Ra4+ 41. Kxd3 Ke7 42. Bc6 Ra8 43. Kd4 Re1 44. d8=Q+ Kxd8 45. Rd7+ Kc8 46.
Rh7 Ra2 47. Rxh5 Rd2+ 48. Kc5 Re5+ 49. Kc4 Kc7 50. Bf3 Kd6 51. Rh6+ Ke7 52. h4
gxh4 53. Rxh4 Re3 1/2-1/2

[Event "SR 2. liga A 2016/2017"]
[Site "?"]
[Date "2018.02.04"]
[Round "7.3"]
[White "Spacek, Oliver"]
[Black "Mihalik, Marek"]
[Result "1-0"]
[WhiteElo "2215"]
[BlackElo "2002"]
[PlyCount "81"]
[EventDate "2017.??.??"]
[WhiteTeam "SK Osuske B"]
[BlackTeam "SK Lowe Piestany"]

1. d4 Nf6 2. c4 e6 3. g3 Bb4+ 4. Bd2 c5 5. Bg2 O-O 6. Nf3 Qb6 7. O-O cxd4 8.
Nxd4 d5 9. Bxb4 Qxb4 10. cxd5 Qxb2 11. dxe6 Qxa1 12. Qd2 Bxe6 13. Nxe6 Qe5 14.
Nxf8 Qe7 15. Rd1 Nc6 16. Nd7 Nxd7 17. Qxd7 Rd8 18. Bxc6 Rxd7 19. Rxd7 Qf6 20.
Rxb7 g6 21. Bd5 Qd4 22. Bxf7+ Kf8 23. Bb3 h5 24. h4 a5 25. a4 Qe4 26. Rb8+ Kg7
27. Nc3 Qe5 28. Rc8 Qd4 29. Rc7+ Kf8 30. Bd5 Qe5 31. Rc8+ Ke7 32. Kg2 Qd4 33.
e4 Qd2 34. Rc7+ Kd8 35. Nb5 g5 36. Bc6 Qc1 37. Rd7+ Kc8 38. Nd6+ Kb8 39. Rb7+
Ka8 40. Rb6+ Ka7 41. Nc8# 1-0

[Event "SR 2. liga A 2016/2017"]
[Site "?"]
[Date "2018.02.04"]
[Round "7.3"]
[White "Manak, Jozef"]
[Black "Cajka, Tibor"]
[Result "0-1"]
[WhiteElo "1967"]
[BlackElo "2059"]
[PlyCount "46"]
[EventDate "2017.??.??"]
[WhiteTeam "SK Lowe Piestany"]
[BlackTeam "SK Osuske B"]

1. d4 Nf6 2. Bf4 d6 3. Nc3 g6 4. e4 Bg7 5. Nf3 O-O 6. Qd2 Re8 7. Bh6 Bh8 8.
O-O-O c6 9. h4 Bg4 10. Be2 b5 11. e5 b4 12. exf6 bxc3 13. Qxc3 Bxf6 14. Qd2 Nd7
15. Ng5 Bxe2 16. Qxe2 e5 17. Qc4 d5 18. Qxc6 Nb6 19. Nf3 e4 20. Bg5 Re6 21. Qc3
exf3 22. Qxf3 Bxg5+ 23. hxg5 Qxg5+ 0-1

[Event "SR 2. liga A 2016/2017"]
[Site "?"]
[Date "2018.02.04"]
[Round "7.3"]
[White "Hecko, Dusan"]
[Black "Slaba, Andrea"]
[Result "1-0"]
[WhiteElo "2084"]
[BlackElo "1921"]
[PlyCount "53"]
[EventDate "2017.??.??"]
[WhiteTeam "SK Osuske B"]
[BlackTeam "SK Lowe Piestany"]

1. c4 Nf6 2. Nc3 g6 3. g3 Bg7 4. Bg2 O-O 5. Nf3 d6 6. O-O c6 7. d3 e5 8. Bd2
Nh5 9. Rb1 f5 10. b4 f4 11. b5 g5 12. bxc6 Nxc6 13. Nd5 Rf7 14. Bc3 g4 15. Nd2
Qf8 16. Ne4 Qd8 17. f3 fxg3 18. hxg3 Rb8 19. e3 gxf3 20. Bxf3 Nf6 21. Ndxf6+
Bxf6 22. Nxf6+ Rxf6 23. Bxc6 Rg6 24. Qf3 Bh3 25. Bd5+ Kh8 26. Rf2 Qh4 27. Qf8+
1-0

[Event "SR 2. liga A 2016/2017"]
[Site "?"]
[Date "2018.02.04"]
[Round "7.3"]
[White "Podjavorinsky, Michal"]
[Black "Ocko, Martin"]
[Result "1-0"]
[WhiteElo "1870"]
[BlackElo "2007"]
[PlyCount "95"]
[EventDate "2017.??.??"]
[WhiteTeam "SK Lowe Piestany"]
[BlackTeam "SK Osuske B"]

1. e4 c5 2. Nc3 Nc6 3. d3 g6 4. g3 Bg7 5. Bg2 d6 6. Nge2 e6 7. O-O a6 8. Be3
Nge7 9. Qd2 Nd4 10. Nd1 Nxe2+ 11. Qxe2 O-O 12. Qd2 Nc6 13. Bh6 Bd7 14. Bxg7
Kxg7 15. Ne3 e5 16. f4 f6 17. Rf2 Ne7 18. Raf1 Qc7 19. Rf3 Rae8 20. Qf2 Qd8 21.
fxe5 Ng8 22. exf6+ Rxf6 23. Nd5 Rxf3 24. Qxf3 Rf8 25. Qxf8+ Qxf8 26. Rxf8 Kxf8
27. Nb6 Be6 28. e5 dxe5 29. Bxb7 Bxa2 30. Bxa6 Nf6 31. Nc4 e4 32. dxe4 Nxe4 33.
b3 Nc3 34. Kf2 Nd5 35. Na3 Ke7 36. Ke2 Nb4 37. Bc4 Kf6 38. Kd2 Kg5 39. Be6 h5
40. Kc1 Bxb3 41. cxb3 h4 42. Nb5 Nd3+ 43. Kd2 Ne5 44. Ke3 Nc6 45. Nd6 hxg3 46.
Ne4+ Kh5 47. hxg3 Nd4 48. Nxc5 1-0

[Event "SR 2. liga A 2016/2017"]
[Site "?"]
[Date "2018.02.04"]
[Round "7.3"]
[White "Diviak, Rastislav"]
[Black "Mihalik, Anton"]
[Result "1-0"]
[WhiteElo "1973"]
[BlackElo "1953"]
[PlyCount "105"]
[EventDate "2017.??.??"]
[WhiteTeam "SK Osuske B"]
[BlackTeam "SK Lowe Piestany"]

1. e4 c5 2. Nf3 d6 3. d4 cxd4 4. Nxd4 Nf6 5. Nc3 a6 6. Bc4 e6 7. Bb3 Be7 8. Be3
Qc7 9. Qe2 Nc6 10. f4 Bd7 11. h3 Qa5 12. O-O-O b5 13. Qf3 Rc8 14. f5 Ne5 15.
Qf2 Rxc3 16. bxc3 Qxc3 17. Kb1 Nxe4 18. Qe1 d5 19. fxe6 fxe6 20. Bc1 Nc4 21.
Bxc4 Qxc4 22. Bb2 O-O 23. Nf3 Bb4 24. Ne5 Bxe1 25. Nxc4 Bc3 26. Nd6 Nxd6 27.
Bxc3 Ne4 28. Bb4 Rc8 29. Rhf1 Nf6 30. Kb2 e5 31. Be7 Kf7 32. Bxf6 gxf6 33. Rxd5
Ke6 34. Rfd1 Bc6 35. R5d2 e4 36. Rf1 Rf8 37. Rdf2 Bd5 38. Rf4 e3 39. Re1 Ke5
40. Rh4 Bxg2 41. Rxe3+ Kd5 42. Rxh7 f5 43. Rd7+ Kc6 44. Rd2 Be4 45. Rc3+ Kb6
46. Rd6+ Kb7 47. Re6 Rf7 48. h4 Rh7 49. Rg3 f4 50. Rg5 Bc6 51. h5 Bf3 52. h6
Bc6 53. Rg7+ 1-0

[Event "SR 2. liga A 2016/2017"]
[Site "?"]
[Date "2018.02.04"]
[Round "7.3"]
[White "Slaby, Jozef"]
[Black "Jarabek, Milan"]
[Result "1-0"]
[WhiteElo "1737"]
[BlackElo "1713"]
[PlyCount "67"]
[EventDate "2017.??.??"]
[WhiteTeam "SK Lowe Piestany"]
[BlackTeam "SK Osuske B"]

1. Nf3 d5 2. c4 dxc4 3. e3 b5 4. a4 c6 5. Nc3 Bd7 6. Ne5 Nf6 7. Qf3 Qc7 8. Nxd7
Nbxd7 9. axb5 Ne5 10. Qg3 cxb5 11. Nxb5 Qc5 12. Nc3 g6 13. f4 Nd3+ 14. Bxd3
cxd3 15. Qf3 Rb8 16. O-O Bg7 17. b4 Qb6 18. b5 O-O 19. Ra6 Qc7 20. Ba3 Rfc8 21.
e4 Qd7 22. e5 Qd4+ 23. Kh1 Nd7 24. Bxe7 Rxc3 25. dxc3 Qxc3 26. Ra3 Qb2 27. Qxd3
Qxb5 28. Qxb5 Rxb5 29. Rxa7 Nf8 30. Ra8 Rb6 31. g3 f6 32. Bd6 f5 33. Rc1 Kf7
34. Rc7+ 1-0

[Event "SR 2. liga A 2016/2017"]
[Site "?"]
[Date "2018.02.04"]
[Round "7.4"]
[White "Castiglione, Mario"]
[Black "Puskar, Peter"]
[Result "1/2-1/2"]
[WhiteElo "2244"]
[BlackElo "2188"]
[PlyCount "35"]
[EventDate "2017.??.??"]
[WhiteTeam "SK Nafta Gbely"]
[BlackTeam "Lokomotiva Trnava B"]

1. e4 c5 2. Nf3 d6 3. Bb5+ Nd7 4. c3 Ngf6 5. Qe2 e6 6. d4 a6 7. Bd3 Qc7 8. e5
Nd5 9. O-O cxd4 10. cxd4 dxe5 11. dxe5 b5 12. Nc3 Bb7 13. Bd2 Nc5 14. Nxd5 Bxd5
15. Rac1 Qb7 16. Rfd1 Nxd3 17. Qxd3 Be7 18. Ne1 1/2-1/2

[Event "SR 2. liga A 2016/2017"]
[Site "?"]
[Date "2018.02.04"]
[Round "7.4"]
[White "Nicolini, Alexander"]
[Black "Matejovic, Juraj"]
[Result "1/2-1/2"]
[WhiteElo "2138"]
[BlackElo "2238"]
[PlyCount "74"]
[EventDate "2017.??.??"]
[WhiteTeam "Lokomotiva Trnava B"]
[BlackTeam "SK Nafta Gbely"]

1. e4 c5 2. Nf3 e6 3. c3 d5 4. exd5 Qxd5 5. d4 cxd4 6. Qxd4 Nf6 7. Be2 Nc6 8.
Qa4 Bd7 9. O-O Bc5 10. Qh4 h6 11. Nbd2 g5 12. Qc4 g4 13. Qxd5 Nxd5 14. Ne1 f5
15. Nd3 Bd6 16. Nc4 Bc7 17. Re1 Kf7 18. f4 Rhe8 19. Bf1 Rad8 20. Bd2 Nf6 21.
Rad1 Ne4 22. Be3 b6 23. g3 Nf6 24. Bg2 Nd5 25. Bf2 Bc8 26. Nde5+ Nxe5 27. Nxe5+
Bxe5 28. Rxe5 Ne7 29. Ree1 Ba6 30. a4 Bc4 31. a5 Nd5 32. axb6 axb6 33. Ra1 b5
34. Ra3 Ra8 35. Rea1 Rxa3 36. Rxa3 Re7 37. Bd4 Rd7 1/2-1/2

[Event "SR 2. liga A 2016/2017"]
[Site "?"]
[Date "2018.02.04"]
[Round "7.4"]
[White "Danada, Tomas"]
[Black "Arendas, Marek"]
[Result "1-0"]
[WhiteElo "2278"]
[BlackElo "2095"]
[PlyCount "53"]
[EventDate "2017.??.??"]
[WhiteTeam "SK Nafta Gbely"]
[BlackTeam "Lokomotiva Trnava B"]

1. d4 d5 2. c4 c6 3. Nf3 Nf6 4. Nc3 e6 5. cxd5 exd5 6. Bg5 Be7 7. Qc2 Bg4 8. e3
Nbd7 9. Bd3 Rc8 10. Nd2 Bh5 11. f3 Nf8 12. O-O-O Ne6 13. Bh4 Bg6 14. Bxg6 hxg6
15. Bf2 b5 16. Kb1 a5 17. Rc1 Qc7 18. e4 Rxh2 19. Nxd5 Nxd5 20. Rxh2 Qxh2 21.
exd5 Nd8 22. Re1 Qc7 23. dxc6 Qxc6 24. Qxc6+ Rxc6 25. d5 Ra6 26. Bc5 Ne6 27.
Bxe7 1-0

[Event "SR 2. liga A 2016/2017"]
[Site "?"]
[Date "2018.02.04"]
[Round "7.4"]
[White "Puchart, Vladimir"]
[Black "Sosovicka, Juraj"]
[Result "0-1"]
[WhiteElo "2076"]
[BlackElo "2137"]
[PlyCount "38"]
[EventDate "2017.??.??"]
[WhiteTeam "Lokomotiva Trnava B"]
[BlackTeam "SK Nafta Gbely"]

1. d4 d5 2. c4 c6 3. Nc3 Nf6 4. Nf3 e6 5. Bg5 Nbd7 6. e3 Qa5 7. Bxf6 Nxf6 8.
Qb3 Bd6 9. Bd3 O-O 10. O-O b6 11. e4 dxe4 12. Nxe4 Nxe4 13. Bxe4 Bd7 14. Rad1
Rad8 15. Rfe1 c5 16. Bb1 g6 17. Qe3 cxd4 18. Rxd4 Bc5 19. Qh6 Bxd4 0-1

[Event "SR 2. liga A 2016/2017"]
[Site "?"]
[Date "2018.02.04"]
[Round "7.4"]
[White "Pribila, Gerhard"]
[Black "Szitkey, Milan"]
[Result "1-0"]
[WhiteElo "2109"]
[BlackElo "2088"]
[PlyCount "165"]
[EventDate "2017.??.??"]
[WhiteTeam "SK Nafta Gbely"]
[BlackTeam "Lokomotiva Trnava B"]

1. e4 e6 2. d4 d5 3. exd5 exd5 4. Bd3 Nf6 5. Nf3 Be7 6. O-O O-O 7. Bg5 Nbd7 8.
Re1 Re8 9. Nbd2 Nf8 10. c3 Ne6 11. Bh4 Nf4 12. Bc2 Bg4 13. Qb1 Ng6 14. Bg5 Nh5
15. h3 Bxf3 16. Bxe7 Rxe7 17. Nxf3 Nhf4 18. Qd1 Qd6 19. Rxe7 Nxe7 20. Qd2 Neg6
21. Re1 Qd7 22. Ne5 Qd6 23. g3 Ne6 24. h4 c5 25. Nf3 Rd8 26. Bf5 Re8 27. dxc5
Qxc5 28. Nd4 Ngf8 29. Nf3 d4 30. Bxe6 Rxe6 31. Nxd4 Qd5 32. b3 h6 33. Rxe6 Nxe6
34. Qe3 Nc5 35. c4 Qh5 36. Kg2 Qg6 37. Nf3 b6 38. Qe8+ Kh7 39. Qe3 Qb1 40. Qe2
Qf5 41. Nd4 Qf6 42. Qc2+ Kg8 43. Qd2 a5 44. Qe3 Qd6 45. Nf5 Qc6+ 46. Kh2 Qf6
47. Ne7+ Kh7 48. Nd5 Qd6 49. Qf4 Qe6 50. Qe3 Qd6 51. Qf3 Qe6 52. Kg2 Kg8 53.
Qe3 Qc6 54. f3 Kh7 55. Qe5 Qg6 56. Qe2 Qd6 57. Qe7 Qg6 58. Qe2 Qd6 59. h5 Ne6
60. Qe3 Nc5 61. Qe7 Qxe7 62. Nxe7 g6 63. hxg6+ fxg6 64. Nd5 Nd7 65. Kf2 Kg7 66.
Ke3 Kf7 67. Kd4 g5 68. g4 Ke6 69. Ke4 Nc5+ 70. Ke3 Nd7 71. f4 gxf4+ 72. Kxf4
Kd6 73. Kf5 b5 74. Nf6 bxc4 75. Nxd7 c3 76. Ne5 Kd5 77. Nc4 Kd4 78. Na3 Kd3 79.
Kg6 c2 80. Nxc2 Kxc2 81. Kxh6 Kb2 82. a4 Kxb3 83. g5 1-0